000 01081cam a2200265 4500
002 7872
008 040719n2004 000 0 eng u
020 _a190438823X
035 _a(Sirsi) u126829
041 _aeng
050 _a658.452
_c22
100 _aPeacock, Alan
245 _aPresentation skills: a CPD study pack
260 _aReading
_bCollege of Estate Management
_c2004
300 _a44p.
_c30cm.
350 _a36
490 _aCollege of Estate Management CPD Study Pack
520 _aThis study pack aims to give practitioners an understanding of presentation skills and communication principles within the property and construction industry. The pack considers: key stages of the communication process; background preparation for a presentation; preparing the content; planning the delivery; delivery skills; and memory and visual aids. Bibliography.
520 _aNo accompanying tape or CD.
650 _aPRESENTATION SKILLS
650 _aCOMMUNICATION SKILLS
650 _aPRESENTATIONS
690 _aMANAGEMENT-BUSINESS MANAGEMENT
942 _n0
999 _c103648
_d103648